Name the Helicopter - Statistics

General Stats
  • This quiz has been taken 131 times
  • The average score is 6 of 15
Answer Stats
Picture Answer % Correct
uh60
90%
ah64
88%
ah1
72%
s61
50%
s64
42%
h125
36%
h135
33%
h145
33%
as365
31%
b206
31%
aw139
27%
h130
19%
eh101
16%
mil 26
13%
b412
10%
No matching quizzes found
Score Distribution
Percent of People with Each Score
Percentile by Number Answered
Your Score History
You have not taken this quiz